Gyűjtés Márai Sándor "hazatérésére" a rendrszerváltás óta csupán egy egész alakos köztéri szobrot állítottak Kassán

Bibliographic Details
Main Author: Juhász, Katalin, 1969- (Author)
Format: Article
Language:Hungarian
Slovak
Subjects:

MARC

LEADER 00000nab a2200000 a 4500
001 vtls000932377
003 SK-MaSNL
005 20260318141002.0
008 040720e20030923xo 0 hun
035 |a KE41254 
040 |a KEVKJB  |b slo  |c KEVKJB  |e AACR2 
041 0 |a slo 
044 |a xo  |c SK 
080 |a 894.511(437.6)  |2 1981 
080 |a 730  |2 1981 
100 1 |a Juhász, Katalin,  |d 1969-  |4 aut  |9 102317 
245 1 0 |a Gyűjtés Márai Sándor "hazatérésére"  |b a rendrszerváltás óta csupán egy egész alakos köztéri szobrot állítottak Kassán 
590 |a Márai, Sándor, 1900-1989 
600 1 7 |a Márai, Sándor,  |d 1900-1989   |2 KEVKJB  |9 87418 
650 0 7 |a osobnosti  |2 KEVKJB  |9 29820 
650 0 7 |a sochy  |2 KEVKJB  |9 29846 
650 0 7 |a zbierky finančné  |2 KEVKJB  |9 877955 
651 7 |a Košice (Slovensko)  |2 KEVKJB  |9 18694 
651 7 |a KE,  |2 KEVKJB  |9 877256 
655 7 |a periodikum  |2 snkbucl  |9 29553 
773 0 8 |t Új Szó  |g Roč. 56  |g Roč. 28, č.218, 23.9.2003, s. 4 
852 |a ZVYKNI  |b KIS3GCP 
999 |c 2051925  |d 2053855